[Event "Vojvodina-chT (Women) 29th"]
[Site "Novi Sad"]
[Date "2023.11.10"]
[Round "2.2"]
[White "Drljevic, Ljilja"]
[Black "Milivojevic, Jelena"]
[Result "1/2-1/2"]
[WhiteElo "2093"]
[BlackElo "1922"]
[PlyCount "181"]
[EventDate "2023.11.09"]
[EventType "team-swiss"]
[EventRounds "5"]
[EventCountry "SRB"]
[SourceTitle "CB46_2023"]
[SourceDate "2023.11.15"]
[SourceVersion "1"]
[SourceVersionDate "2023.11.15"]
[SourceQuality "1"]
[WhiteTeam "Novi Banovci Omladinac (W)"]
[BlackTeam "Sombor CC (W)"]
[WhiteTeamCountry "SRB"]
[BlackTeamCountry "SRB"]

1. d4 Nf6 2. Nf3 b6 3. d5 Bb7 4. c4 g6 5. Nc3 d6 6. Bg5 Bg7 7. Qd2 h6 8. Bf4 g5 9. Be3 c5 10. Qc2 a6 11. h4 g4 12. Nd2 h5 13. Bg5 Nbd7 14. f3 b5 15. e4 b4 16. Nd1 Qc7 17. Ne3 0-0-0 18. a3 e6 19. axb4 cxb4 20. Qa4 gxf3 21. gxf3 Qb6 22. Nc2 exd5 23. cxd5 Rde8 24. Bh3 Kc7 25. Nxb4 Nc5 26. Qa5 Nxd5 27. Nxd5+ Bxd5 28. Qxb6+ Kxb6 29. Be3 Kb7 30. Ke2 Bc6 31. Bxc5 dxc5 32. Nb3 Bb5+ 33. Ke3 Kb6 34. Rhd1 Rd8 35. f4 Bxb2 36. Rab1 Rxd1 37. Rxd1 Rg8 38. Kf2 c4 39. Nc1 Ba3 40. Na2 Bc5+ 41. Kf3 Rg1 42. Rd2 Rb1 43. Bd7 Rb3+ 44. Ke2 c3+ 45. Bxb5 cxd2 46. Bc4 Re3+ 47. Kxd2 Rxe4 48. Bxf7 Rxf4 49. Bxh5 Rxh4 50. Be2 a5 51. Kc3 Rh1 52. Bc4 Rd1 53. Kc2 Rd8 54. Nc3 Bb4 55. Na4+ Kc6 56. Bd3 Rh8 57. Kb3 Kd5 58. Bb5 Rh3+ 59. Kc2 Kd4 60. Bd7 Rh7 61. Be6 Re7 62. Bb3 Re2+ 63. Kc1 Rh2 64. Kb1 Kd3 65. Kc1 Ba3+ 66. Kb1 Bb4 67. Be6 Ba3 68. Bb3 Kd4 69. Bf7 Ke5 70. Ka1 Kd6 71. Kb1 Re2 72. Ka1 Kc6 73. Bd5+ Kd6 74. Bf7 Re7 75. Bb3 Kc6 76. Ka2 Bb4 77. Bc4 Re3 78. Kb2 Rg3 79. Bf7 Re3 80. Bc4 Ba3+ 81. Kc2 Kd6 82. Kd2 Rg3 83. Kc2 Ke5 84. Bf7 Kd4 85. Be6 Bb4 86. Kb2 Re3 87. Bf7 Re7 88. Bg8 Bc3+ 89. Nxc3 Rb7+ 90. Bb3 Rxb3+ 91. Kxb3 1/2-1/2

[Event "SRB-chT (Women)"]
[Site "Valjevo"]
[Date "2020.09.27"]
[Round "3.5"]
[White "Kovacevic, Radmila"]
[Black "Milivojevic, Jelena"]
[Result "1-0"]
[WhiteElo "2075"]
[BlackElo "1968"]
[PlyCount "59"]
[EventDate "2020.09.25"]
[EventType "team-tourn"]
[EventRounds "11"]
[EventCountry "SRB"]
[SourceTitle "CBM 198 Extra"]
[Source "ChessBase"]
[SourceDate "2020.11.30"]
[SourceVersion "1"]
[SourceVersionDate "2020.11.30"]
[SourceQuality "1"]
[WhiteTeam "Nis Osnovac (W)"]
[BlackTeam "Sombor (W)"]
[WhiteTeamCountry "SRB"]
[BlackTeamCountry "SRB"]

1. e4 d6 2. d4 Nd7 3. Bc4 c6 4. Nf3 h6 5. e5 dxe5 6. dxe5 e6 7. 0-0 b5 8. Bb3 Ne7 9. Bf4 Bb7 10. Qe2 g5 11. Bg3 Ng6 12. Nc3 Qc7 13. Ne4 0-0-0 14. Nd6+ Bxd6 15. exd6 Qb6 16. a4 Nf4 17. Qd2 Nh5 18. Be5 Rhe8 19. axb5 c5 20. Bc3 Bxf3 21. Ba5 Qb7 22. gxf3 Ne5 23. Qc3 Nxf3+ 24. Kh1 Rxd6 25. Qxc5+ Kd7 26. Bb4 Nd4+ 27. f3 Nxb5 28. Ba4 Rd5 29. Bxb5+ Kd8 30. Ba5+ 1-0

[Event "SRB-chT (Women)"]
[Site "Subotica"]
[Date "2019.08.30"]
[Round "9.5"]
[White "Milivojevic, Jelena"]
[Black "Kovacevic, Radmila"]
[Result "1-0"]
[WhiteElo "1983"]
[BlackElo "2117"]
[PlyCount "93"]
[EventDate "2019.08.22"]
[EventType "team-tourn"]
[EventRounds "11"]
[EventCountry "SRB"]
[SourceTitle "EXT 2020"]
[Source "ChessBase"]
[SourceDate "2019.10.17"]
[SourceVersion "1"]
[SourceVersionDate "2019.10.17"]
[SourceQuality "1"]
[WhiteTeam "Novi Sad CC (W)"]
[BlackTeam "Nis Osnovac (W)"]
[WhiteTeamCountry "SRB"]
[BlackTeamCountry "SRB"]

1. d4 g6 2. Nf3 Bg7 3. g3 c5 4. e3 d5 5. Bg2 Nf6 6. c3 Nc6 7. 0-0 Bf5 8. dxc5 e5 9. b4 Bg4 10. Qb3 Bxf3 11. Bxf3 0-0 12. Bb2 e4 13. Be2 a5 14. a4 Qd7 15. Kg2 Ne5 16. Nd2 Qe6 17. b5 Nfd7 18. Ba3 Rac8 19. Rac1 Nxc5 20. Bxc5 Rxc5 21. c4 dxc4 22. Bxc4 Nxc4 23. Rxc4 Rh5 24. Rxe4 Qh3+ 25. Kf3 Rd8 26. Rd1 Rhd5 27. Re8+ Bf8 28. Rxd8 Rxd8 29. Nf1 Rc8 30. Qd5 Rc5 31. Qe4 Qh5+ 32. g4 Qh3+ 33. Ng3 h5 34. gxh5 Rxh5 35. Rd8 b6 36. Qe8 Rf5+ 37. Ke2 Qg4+ 38. Kf1 Qc4+ 39. Kg2 Qb4 40. Qxf8+ Qxf8 41. Rxf8+ Kxf8 42. Nxf5 gxf5 43. Kf3 Kg7 44. Kf4 Kg6 45. h4 Kf6 46. h5 Ke6 47. Kg5 1-0

[Event "SRB-chT (Women)"]
[Site "Subotica"]
[Date "2019.08.29"]
[Round "8.2"]
[White "Milivojevic, Jelena"]
[Black "Gaponenko, Inna"]
[Result "0-1"]
[WhiteElo "1983"]
[BlackElo "2446"]
[PlyCount "64"]
[EventDate "2019.08.22"]
[EventType "team-tourn"]
[EventRounds "11"]
[EventCountry "SRB"]
[SourceTitle "EXT 2020"]
[Source "ChessBase"]
[SourceDate "2019.10.17"]
[SourceVersion "1"]
[SourceVersionDate "2019.10.17"]
[SourceQuality "1"]
[WhiteTeam "Novi Sad CC (W)"]
[BlackTeam "Belgrade Bas (W)"]
[WhiteTeamCountry "SRB"]
[BlackTeamCountry "SRB"]

1. d4 d6 2. Nf3 g6 3. c4 Bg7 4. e4 Nf6 5. Nc3 0-0 6. Be2 e5 7. d5 a5 8. 0-0 Na6 9. Qc2 h6 10. b3 Nh7 11. Nd2 f5 12. f4 exf4 13. Rxf4 Nb4 14. Qb2 Qf6 15. Ndb1 Qd4+ 16. Kh1 fxe4 17. Rxf8+ Nxf8 18. Bd2 Bg4 19. Be1 Qe3 20. Na3 Bxe2 21. Nab5 Nd7 22. Rb1 Bg4 23. Bf2 Qg5 24. Nxc7 Rf8 25. Bg3 Qf6 26. h3 Qxc3 27. Qxc3 Bxc3 28. hxg4 e3 29. Bxd6 e2 30. Bxf8 Nxf8 31. a3 Nd3 32. Kg1 Bd4+ 0-1

[Event "Sombor op 14th"]
[Site "Sombor"]
[Date "2019.04.01"]
[Round "7"]
[White "Milivojevic, Jelena"]
[Black "Vlaisavljevic, Ilija"]
[Result "0-1"]
[WhiteElo "1971"]
[BlackElo "1896"]
[PlyCount "114"]
[EventDate "2019.03.18"]
[EventType "swiss"]
[EventRounds "9"]
[EventCountry "SRB"]
[SourceTitle "EXT 2020"]
[Source "ChessBase"]
[SourceDate "2019.10.17"]
[SourceVersion "1"]
[SourceVersionDate "2019.10.17"]
[SourceQuality "1"]

1. d4 d5 2. Nf3 Bf5 3. e3 Nd7 4. c4 e6 5. Nc3 c6 6. Qb3 Qc7 7. Bd2 Ngf6 8. Rc1 Qb8 9. cxd5 exd5 10. a4 Bd6 11. Be2 0-0 12. a5 a6 13. Na4 Ne4 14. Bb4 Qd8 15. 0-0 Rb8 16. Bxd6 Nxd6 17. Qb4 Ne4 18. h3 Re8 19. Nb6 Nef6 20. Nxd7 Nxd7 21. Rc3 Re6 22. Bd3 Be4 23. Bxe4 dxe4 24. Nd2 Qg5 25. Kh2 Rg6 26. g3 Rh6 27. Kg2 Qf5 28. Rh1 Rf6 29. Rf1 h5 30. Qc4 b5 31. axb6 Nxb6 32. Qxa6 Nd5 33. Rb3 Rxb3 34. Nxb3 Qf3+ 35. Kh2 Nxe3 36. fxe3 Qxf1 37. Qxf1 Rxf1 38. Na5 Rf2+ 39. Kg1 Rxb2 40. Nxc6 Kf8 41. Ne5 f6 42. Ng6+ Kf7 43. Nf4 g5 44. Nxh5 Re2 45. g4 Rxe3 46. Kf2 Rxh3 47. Ng3 Rxg3 48. Kxg3 Ke6 49. Kf2 f5 50. gxf5+ Kxf5 51. Kg3 g4 52. d5 Ke5 53. Kxg4 Kxd5 54. Kg3 Kd4 55. Kf2 Kd3 56. Ke1 Ke3 57. Kd1 Kf2 0-1

[Event "Sombor Milicevic Memorial"]
[Site "Sombor"]
[Date "2018.10.15"]
[Round "1"]
[White "Milivojevic, Jelena"]
[Black "Vulin, Lana"]
[Result "1-0"]
[WhiteElo "1886"]
[BlackElo "1328"]
[PlyCount "47"]
[EventDate "2018.10.15"]
[EventType "swiss"]
[EventRounds "9"]
[EventCountry "SRB"]
[SourceTitle "EXT 2021"]
[Source "ChessBase"]
[SourceDate "2020.10.23"]
[SourceVersion "1"]
[SourceVersionDate "2020.10.23"]
[SourceQuality "1"]

1. d4 d6 2. Nf3 Nc6 3. c4 e5 4. d5 Na5 5. Nc3 Nxc4 6. Qa4+ Bd7 7. Qxc4 Nf6 8. e4 g6 9. Be2 Bg7 10. a4 0-0 11. a5 a6 12. 0-0 Nh5 13. Bg5 f6 14. Bh4 Nf4 15. Rfe1 Nxe2+ 16. Qxe2 g5 17. Bg3 f5 18. exf5 Rxf5 19. h3 Qf6 20. Ne4 Qh6 21. Rac1 Rc8 22. Qe3 Qh5 23. Rc3 Rff8 24. Qxg5 1-0

[Event "SRB-chT (Women)"]
[Site "Novi Sad"]
[Date "2017.09.11"]
[Round "11.4"]
[White "Djordjevic, Snezana"]
[Black "Milivojevic, Jelena"]
[Result "1-0"]
[WhiteElo "1549"]
[BlackElo "1906"]
[PlyCount "93"]
[EventDate "2017.09.01"]
[EventType "team-tourn"]
[EventRounds "11"]
[EventCountry "SRB"]
[SourceTitle "CBM 180 Extra"]
[Source "ChessBase"]
[SourceDate "2017.10.06"]
[SourceVersion "1"]
[SourceVersionDate "2017.10.06"]
[SourceQuality "1"]
[WhiteTeam "Cuprija Radnicki (W)"]
[BlackTeam "Novi Sad CC (W)"]
[WhiteTeamCountry "SRB"]
[BlackTeamCountry "SRB"]

1. e4 c6 2. Nf3 d5 3. d3 dxe4 4. Ng5 exd3 5. Bxd3 Nf6 6. Nxf7 Qd5 7. Nxh8 Bg4 8. f3 Be6 9. Nc3 Qh5 10. Qe2 Bg8 11. Ne4 e5 12. Ng3 Qh4 13. Qxe5+ Be7 14. Bg5 Qb4+ 15. Bd2 Nbd7 16. Bxb4 Nxe5 17. Bxe7 Nxd3+ 18. cxd3 Kxe7 19. Nf5+ Kf8 20. 0-0 Rd8 21. Rfe1 Nd5 22. Re4 g6 23. Nd4 Kg7 24. Nxg6 hxg6 25. Ne6+ Bxe6 26. Rxe6 Kf7 27. Rae1 Rd7 28. R1e4 Nf4 29. Re8 Nxd3 30. Rh8 Kf6 31. b4 b6 32. g4 c5 33. bxc5 Nxc5 34. Re2 Kg7 35. Rhe8 Kf7 36. h4 Nd3 37. Rh8 Kg7 38. Rhe8 Kf7 39. R8e4 Nc5 40. Rf4+ Kg7 41. Kg2 Nd3 42. Rfe4 Kf7 43. Kg3 Nc5 44. Rf4+ Kg7 45. g5 a5 46. Rf6 Na4 47. Ree6 1-0

[Event "SRB-chT (Women)"]
[Site "Kragujevac"]
[Date "2016.10.01"]
[Round "10.1"]
[White "Kovacevic, Radmila"]
[Black "Milivojevic, Jelena"]
[Result "1-0"]
[WhiteElo "2118"]
[BlackElo "1916"]
[PlyCount "65"]
[EventDate "2016.09.22"]
[EventType "team-tourn"]
[EventRounds "11"]
[EventCountry "SRB"]
[SourceTitle "CBM 174 Extra"]
[Source "ChessBase"]
[SourceDate "2016.10.10"]
[SourceVersion "1"]
[SourceVersionDate "2016.10.10"]
[SourceQuality "1"]
[WhiteTeam "Rad (W)"]
[BlackTeam "Novi Sad (W)"]
[WhiteTeamCountry "SRB"]
[BlackTeamCountry "SRB"]

1. e4 c5 2. Nf3 Nc6 3. d4 cxd4 4. Nxd4 e5 5. Nf5 d6 6. Nc3 Nf6 7. Bg5 h6 8. Bxf6 Qxf6 9. Nd5 Qd8 10. Bc4 g6 11. Nfe3 Be6 12. c3 Rb8 13. Qb3 Bg7 14. h4 h5 15. 0-0-0 0-0 16. g4 b5 17. Be2 b4 18. Qa4 Bd7 19. Bb5 Rc8 20. gxh5 gxh5 21. Rdg1 bxc3 22. Qd1 cxb2+ 23. Kb1 Nd4 24. Qxh5 Rc1+ 25. Kxb2 Rxg1 26. Rxg1 f6 27. Qg6 Rf7 28. Bxd7 Qxd7 29. Nxf6+ Rxf6 30. Qxf6 Ne2 31. Rxg7+ Qxg7 32. Qe6+ Qf7 33. Qg4+ 1-0

[Event "SRB-chT (Women)"]
[Site "Kragujevac"]
[Date "2016.09.28"]
[Round "7.3"]
[White "Milivojevic, Jelena"]
[Black "Vujcic, Milena"]
[Result "0-1"]
[WhiteElo "1916"]
[BlackElo "1866"]
[PlyCount "57"]
[EventDate "2016.09.22"]
[EventType "team-tourn"]
[EventRounds "11"]
[EventCountry "SRB"]
[SourceTitle "CBM 174 Extra"]
[Source "ChessBase"]
[SourceDate "2016.10.10"]
[SourceVersion "1"]
[SourceVersionDate "2016.10.10"]
[SourceQuality "1"]
[WhiteTeam "Novi Sad (W)"]
[BlackTeam "Belgrade Radnicki (W)"]
[WhiteTeamCountry "SRB"]
[BlackTeamCountry "SRB"]

1. d4 Nf6 2. c4 g6 3. Nc3 Bg7 4. e4 d6 5. f4 0-0 6. Nf3 c5 7. d5 e6 8. Be2 exd5 9. cxd5 Re8 10. Nd2 a6 11. a4 Nbd7 12. 0-0 Rb8 13. Re1 c4 14. e5 dxe5 15. Nxc4 b5 16. axb5 axb5 17. fxe5 bxc4 18. exf6 Bxf6 19. Bxc4 Rb4 20. Bf1 Rh4 21. g3 Qb6+ 22. Kh1 Rxh2+ 23. Kxh2 Qf2+ 24. Bg2 Rxe1 25. Qg4 h5 26. Be3 hxg4 27. Bxf2 Rxa1 28. Be3 Ne5 29. Ne4 0-1

[Event "SRB-chT (Women)"]
[Site "Kragujevac"]
[Date "2016.09.24"]
[Round "3.1"]
[White "Milivojevic, Jelena"]
[Black "Petrovic, Tamara"]
[Result "1/2-1/2"]
[WhiteElo "1916"]
[BlackElo "1912"]
[PlyCount "108"]
[EventDate "2016.09.22"]
[EventType "team-tourn"]
[EventRounds "11"]
[EventCountry "SRB"]
[SourceTitle "CBM 174 Extra"]
[Source "ChessBase"]
[SourceDate "2016.10.10"]
[SourceVersion "1"]
[SourceVersionDate "2016.10.10"]
[SourceQuality "1"]
[WhiteTeam "Novi Sad (W)"]
[BlackTeam "Lestane (W)"]
[WhiteTeamCountry "SRB"]
[BlackTeamCountry "SRB"]

1. d4 Nf6 2. c4 e6 3. Nf3 Bb4+ 4. Bd2 a5 5. g3 b6 6. Bg2 Bb7 7. 0-0 0-0 8. Nc3 d6 9. a3 Bxc3 10. Bxc3 Nbd7 11. b4 axb4 12. axb4 Qe7 13. b5 Be4 14. Bb4 Rfb8 15. Qd2 Qe8 16. Qb2 Rxa1 17. Rxa1 d5 18. Ne5 dxc4 19. Nc6 Ra8 20. Ne7+ Kh8 21. Bxe4 Nxe4 22. Ra6 Nd6 23. Qa3 Rxa6 24. bxa6 Nb5 25. Qa4 Na7 26. Ba3 b5 27. Qa5 Qb8 28. Bb4 Qb6 29. Qxb6 cxb6 30. Bd6 c3 31. Kf1 c2 32. Bf4 Nb8 33. Ke1 Nxa6 34. Kd2 Nb4 35. Kc3 Nac6 36. Nxc6 Nxc6 37. Kxc2 Nxd4+ 38. Kd3 Nc6 39. Bc7 Nb4+ 40. Kd4 Nd5 41. Bd6 Nf6 42. f3 Nd7 43. Kc3 f6 44. Kb4 Kg8 45. Kxb5 Kf7 46. Kc4 Ke8 47. e4 h6 48. f4 g6 49. h3 h5 50. g4 hxg4 51. hxg4 f5 52. gxf5 gxf5 53. exf5 exf5 54. Bb4 Nf6 1/2-1/2

[Event "SRB-chT (Women)"]
[Site "Palic"]
[Date "2014.09.07"]
[Round "9.5"]
[White "Milivojevic, Jelena"]
[Black "Milosevic, Milica"]
[Result "1-0"]
[WhiteElo "1932"]
[BlackElo "1630"]
[PlyCount "117"]
[EventDate "2014.08.30"]
[EventType "team-tourn"]
[EventRounds "11"]
[EventCountry "SRB"]
[SourceTitle "CBM 162 Extra"]
[Source "ChessBase"]
[SourceDate "2014.10.17"]
[SourceVersion "1"]
[SourceVersionDate "2014.10.17"]
[SourceQuality "1"]
[WhiteTeam "Novi Sad DDOR (W)"]
[BlackTeam "Malo Crnice (W)"]
[WhiteTeamCountry "SRB"]
[BlackTeamCountry "SRB"]

1. d4 d5 2. c4 e6 3. cxd5 exd5 4. Nc3 Nf6 5. Bg5 Be7 6. e3 c6 7. Bd3 h6 8. Bh4 Bg4 9. Nge2 Bxe2 10. Bxe2 Nbd7 11. Rc1 0-0 12. h3 Qb6 13. Qc2 Bd6 14. Bxf6 Nxf6 15. 0-0 Qc7 16. Bf3 Rfe8 17. Nxd5 Nxd5 18. Bxd5 Qd7 19. Bb3 Rac8 20. Rcd1 Qe7 21. Qd3 Red8 22. Bc2 g6 23. Bb3 Kg7 24. Qe2 Bc7 25. Qf3 Rd7 26. e4 Rcd8 27. Qe3 Bb6 28. Qe2 Bxd4 29. g3 Qe5 30. Kg2 Bxb2 31. Qc4 Bd4 32. Rfe1 Bb6 33. Rc1 Qf6 34. Re2 Rd2 35. e5 Qe7 36. Rce1 R8d4 37. Qc3 R2d3 38. Qb2 Rd8 39. e6+ f6 40. h4 Ba5 41. Rc1 Rd2 42. Rc2 Rxe2 43. Rxe2 b5 44. a4 a6 45. Qc2 c5 46. Ba2 c4 47. h5 Rd3 48. hxg6 Qb7+ 49. Kh2 Bd8 50. axb5 axb5 51. e7 Bxe7 52. Bxc4 Ra3 53. Bxb5 Ra5 54. Bc6 Qa7 55. Qc4 Rh5+ 56. Kg2 Bf8 57. Rd2 Kxg6 58. Be8+ Kg5 59. Qf4# 1-0

[Event "SRB-chT (Women)"]
[Site "Palic"]
[Date "2014.09.05"]
[Round "7.5"]
[White "Zarkovic, Mila"]
[Black "Milivojevic, Jelena"]
[Result "1-0"]
[WhiteElo "2124"]
[BlackElo "1932"]
[PlyCount "79"]
[EventDate "2014.08.30"]
[EventType "team-tourn"]
[EventRounds "11"]
[EventCountry "SRB"]
[SourceTitle "CBM 162 Extra"]
[Source "ChessBase"]
[SourceDate "2014.10.17"]
[SourceVersion "1"]
[SourceVersionDate "2014.10.17"]
[SourceQuality "1"]
[WhiteTeam "Kac Jugovic (W)"]
[BlackTeam "Novi Sad DDOR (W)"]
[WhiteTeamCountry "SRB"]
[BlackTeamCountry "SRB"]

1. e4 c6 2. b3 d5 3. Bb2 dxe4 4. Nc3 Bf5 5. Nge2 Nf6 6. Ng3 Bg4 7. Be2 Bxe2 8. Qxe2 e6 9. Ncxe4 Be7 10. 0-0 Nbd7 11. f4 0-0 12. f5 Nxe4 13. Nxe4 exf5 14. Rxf5 g6 15. Rf3 f5 16. Qc4+ Rf7 17. Raf1 Qb6+ 18. Kh1 Raf8 19. Qc3 Bf6 20. Nxf6+ Nxf6 21. g4 a5 22. g5 Qb4 23. Qxb4 axb4 24. Bxf6 Ra8 25. Rd3 Rxa2 26. c3 bxc3 27. dxc3 b5 28. Rd8+ Rf8 29. Rxf8+ Kxf8 30. b4 Re2 31. Rd1 f4 32. Kg1 f3 33. Rd8+ Kf7 34. Rd7+ Ke6 35. Re7+ Kf5 36. Rxe2 fxe2 37. Kf2 h6 38. Kxe2 hxg5 39. Bd8 Kf4 40. Kd3 1-0

[Event "SRB-chT (Women)"]
[Site "Palic"]
[Date "2014.09.02"]
[Round "4.2"]
[White "Milanovic, Maja"]
[Black "Milivojevic, Jelena"]
[Result "1-0"]
[WhiteElo "1920"]
[BlackElo "1932"]
[PlyCount "127"]
[EventDate "2014.08.30"]
[EventType "team-tourn"]
[EventRounds "11"]
[EventCountry "SRB"]
[SourceTitle "CBM 162 Extra"]
[Source "ChessBase"]
[SourceDate "2014.10.17"]
[SourceVersion "1"]
[SourceVersionDate "2014.10.17"]
[SourceQuality "1"]
[WhiteTeam "Novi Sad SK (W)"]
[BlackTeam "Novi Sad DDOR (W)"]
[WhiteTeamCountry "SRB"]
[BlackTeamCountry "SRB"]

1. e4 c6 2. d4 d5 3. exd5 cxd5 4. Bd3 Nc6 5. c3 Qc7 6. h3 Nf6 7. Nf3 e6 8. 0-0 Bd6 9. Re1 h6 10. Nbd2 0-0 11. Nf1 a6 12. Bd2 Bf4 13. Qc1 Bxd2 14. Qxd2 b5 15. b4 Nd7 16. Ne3 Nb6 17. Ng4 f5 18. Nge5 Nxe5 19. Nxe5 g5 20. h4 Qg7 21. hxg5 hxg5 22. Re3 Rf6 23. Rg3 f4 24. Rh3 Rh6 25. Kh2 Rxh3+ 26. gxh3 Ra7 27. Rg1 Qf6 28. Qe2 Rg7 29. Qh5 Bd7 30. Bg6 Kf8 31. Rxg5 Ke7 32. Rg4 Rg8 33. Qh7+ Rg7 34. Qh8 f3 35. Qb8 Nc4 36. Nxd7 Kxd7 37. Be8+ Ke7 38. Rxg7+ Qxg7 39. Qc7+ Kf6 40. Qxg7+ Kxg7 41. Bd7 Kf6 42. Kg3 Nd2 43. Bc8 Ne4+ 44. Kxf3 Nxc3 45. Bxa6 Nxa2 46. Bxb5 Nxb4 47. Ba4 e5 48. Ke3 e4 49. Bb3 Kf5 50. h4 Kg4 51. Bxd5 Nxd5+ 52. Kxe4 Nc3+ 53. Ke5 Kxh4 54. d5 Nb5 55. f4 Kh5 56. d6 Na7 57. Kd5 Nc8 58. Kc6 Na7+ 59. Kb6 Nc8+ 60. Kc7 Nxd6 61. Kxd6 Kg6 62. Ke6 Kg7 63. f5 Kf8 64. Kf6 1-0

[Event "SRB-chT (Women)"]
[Site "Kragujevac"]
[Date "2013.09.02"]
[Round "10.6"]
[White "Milivojevic, Jelena"]
[Black "Stojanovic, Andjelija"]
[Result "1/2-1/2"]
[WhiteElo "1944"]
[BlackElo "2303"]
[PlyCount "67"]
[EventDate "2013.08.24"]
[EventType "team-tourn"]
[EventRounds "11"]
[EventCountry "SRB"]
[SourceTitle "CBM 156 Extra"]
[Source "ChessBase"]
[SourceDate "2013.10.22"]
[SourceVersion "1"]
[SourceVersionDate "2013.10.22"]
[SourceQuality "1"]
[WhiteTeam "Novi Sad (W)"]
[BlackTeam "Belgrade BAS (W)"]
[WhiteTeamCountry "SRB"]
[BlackTeamCountry "SRB"]

1. d4 d6 2. c4 e5 3. dxe5 dxe5 4. Qxd8+ Kxd8 5. Nc3 c6 6. Nf3 f6 7. a3 Be6 8. e3 a5 9. b3 Nd7 10. Rb1 Nh6 11. Be2 Nf7 12. b4 axb4 13. axb4 Kc7 14. 0-0 Be7 15. h3 Nb6 16. Nd2 Na4 17. Nxa4 Rxa4 18. c5 b6 19. cxb6+ Kxb6 20. b5 c5 21. f4 Rd8 22. g4 Ba2 23. Rb2 c4 24. Rxa2 Rxa2 25. Bxc4 Raxd2 26. Bxd2 Nd6 27. Be2 Ne4 28. Be1 Bc5 29. fxe5 fxe5 30. Rf7 Bxe3+ 31. Kg2 Bh6 32. h4 Bd2 33. Bf2+ Nxf2 34. Kxf2 1/2-1/2

[Event "SRB-chT (Women)"]
[Site "Kragujevac"]
[Date "2013.08.25"]
[Round "2.3"]
[White "Djukic, Sandra"]
[Black "Milivojevic, Jelena"]
[Result "1-0"]
[WhiteElo "2189"]
[BlackElo "1944"]
[PlyCount "87"]
[EventDate "2013.08.24"]
[EventType "team-tourn"]
[EventRounds "11"]
[EventCountry "SRB"]
[SourceTitle "CBM 156 Extra"]
[Source "ChessBase"]
[SourceDate "2013.10.22"]
[SourceVersion "1"]
[SourceVersionDate "2013.10.22"]
[SourceQuality "1"]
[WhiteTeam "Rudovci Radnicki (W)"]
[BlackTeam "Novi Sad (W)"]
[WhiteTeamCountry "SRB"]
[BlackTeamCountry "SRB"]

1. d4 Nf6 2. Bg5 Ne4 3. Bf4 d5 4. e3 Bf5 5. Nf3 e6 6. Bd3 c6 7. 0-0 Be7 8. c4 dxc4 9. Bxc4 Nd7 10. Nbd2 g5 11. Be5 Rg8 12. Nxe4 Bxe4 13. Bg3 h5 14. Nd2 Bg6 15. h3 Nb6 16. Be2 h4 17. Be5 f6 18. Bh2 Bd6 19. Bxd6 Qxd6 20. a4 Nd5 21. Nc4 Qc7 22. Bg4 Kf7 23. Qb3 Qe7 24. a5 Rgd8 25. Rac1 Qb4 26. Qd1 b5 27. axb6 Nxb6 28. Nxb6 Qxb6 29. Qa4 Rac8 30. b4 Rc7 31. Bf3 Bd3 32. Rfd1 Qb5 33. Qa2 Bg6 34. Rc4 Kg7 35. Rdc1 Be8 36. Rc5 Qxb4 37. Rb1 Qxc5 38. dxc5 Bf7 39. Qa5 Rdc8 40. Qa6 f5 41. e4 Bg6 42. exf5 exf5 43. Rb7 Kh6 44. Rxa7 1-0

[Event "SRB-chT (Women)"]
[Site "Valjevo"]
[Date "2012.09.25"]
[Round "9.5"]
[White "Milivojevic, Jelena"]
[Black "Maksimovic, Suzana"]
[Result "0-1"]
[WhiteElo "1979"]
[BlackElo "2223"]
[PlyCount "80"]
[EventDate "2012.09.17"]
[EventType "team-tourn"]
[EventRounds "11"]
[EventCountry "SRB"]
[SourceTitle "CBM 150 Extra"]
[Source "ChessBase"]
[SourceDate "2012.10.19"]
[SourceVersion "1"]
[SourceVersionDate "2012.10.19"]
[SourceQuality "1"]
[WhiteTeam "Novi Sad DDOR (W)"]
[BlackTeam "Kac Jugovic (W)"]
[WhiteTeamCountry "SRB"]
[BlackTeamCountry "SRB"]

1. d4 Nf6 2. c4 Nc6 3. g3 e5 4. d5 Bb4+ 5. Bd2 Bxd2+ 6. Nxd2 Nb8 7. Bg2 d6 8. e4 0-0 9. Ne2 a5 10. 0-0 c6 11. b3 Na6 12. a3 Bg4 13. h3 Bxe2 14. Qxe2 Nd7 15. Rab1 Qe7 16. b4 g6 17. g4 axb4 18. axb4 c5 19. bxc5 Naxc5 20. Ra1 Ra6 21. Rxa6 bxa6 22. Qe3 Rb8 23. Ra1 Qd8 24. Bf3 Rb2 25. Bd1 Qb6 26. Qc3 Kg7 27. g5 h6 28. h4 hxg5 29. hxg5 Qb4 30. Qxb4 Rxb4 31. Kf1 Nf8 32. Ra3 Nh7 33. Rg3 Rb2 34. Ke2 Nxe4 35. Kd3 Nxg3 36. fxg3 Nxg5 37. g4 Kf8 38. Ba4 Ke7 39. Bc6 f5 40. gxf5 gxf5 0-1

[Event "SRB-chT (Women)"]
[Site "Valjevo"]
[Date "2012.09.20"]
[Round "4.2"]
[White "Milivojevic, Jelena"]
[Black "Rakic, Teodora"]
[Result "0-1"]
[WhiteElo "1979"]
[BlackElo "1796"]
[PlyCount "124"]
[EventDate "2012.09.17"]
[EventType "team-tourn"]
[EventRounds "11"]
[EventCountry "SRB"]
[SourceTitle "CBM 150 Extra"]
[Source "ChessBase"]
[SourceDate "2012.10.19"]
[SourceVersion "1"]
[SourceVersionDate "2012.10.19"]
[SourceQuality "1"]
[WhiteTeam "Novi Sad DDOR (W)"]
[BlackTeam "Novi Sad Sah Kruzok (W)"]
[WhiteTeamCountry "SRB"]
[BlackTeamCountry "SRB"]

1. d4 Nf6 2. c4 g6 3. Nc3 Bg7 4. e4 d6 5. f4 0-0 6. Nf3 c5 7. d5 e6 8. Be2 exd5 9. cxd5 Re8 10. Nd2 Na6 11. 0-0 Nc7 12. a4 b6 13. Re1 a6 14. Bf3 Rb8 15. Nc4 b5 16. axb5 axb5 17. Na5 Rb6 18. Nc6 Qd7 19. Ra7 Bb7 20. h3 Ra8 21. Rxa8+ Bxa8 22. Be3 Nfe8 23. Bf2 b4 24. Na4 Ra6 25. b3 Bxc6 26. dxc6 Qxc6 27. e5 d5 28. Nxc5 Ra2 29. Qd4 Bf8 30. Rc1 Ne6 31. Qxd5 Qxd5 32. Bxd5 Nxf4 33. Bf3 Rxf2 34. Kxf2 Bxc5+ 35. Kg3 Ne6 36. Bd5 N8c7 37. Bc4 Kf8 38. h4 Bd4 39. Re1 Bc3 40. Re3 Nd4 41. Re4 Nce6 42. Kf2 Nc5 43. Rf4 Nde6 44. Rf3 Bxe5 45. g4 Ke7 46. Ke3 Bd4+ 47. Kd2 Bc3+ 48. Ke3 f6 49. Rf1 Nd4 50. Rb1 Nc2+ 51. Ke2 Na3 52. Rc1 Nxc4 53. bxc4 Ke6 54. Ke3 b3 55. Kf3 b2 56. Rb1 Nb3 57. Ke2 Nd2 58. Rxb2 Bxb2 59. Kxd2 Be5 60. h5 gxh5 61. gxh5 Kf5 62. c5 Kg5 0-1

[Event "Senta op-B 16th"]
[Site "Senta"]
[Date "2012.07.20"]
[Round "8"]
[White "Milivojevic, Jelena"]
[Black "Farkas, Sandor I"]
[Result "1-0"]
[WhiteElo "2011"]
[BlackElo "1823"]
[PlyCount "53"]
[EventDate "2012.07.14"]
[EventType "swiss"]
[EventRounds "9"]
[EventCountry "SRB"]
[SourceTitle "CBM 149 Extra"]
[Source "ChessBase"]
[SourceDate "2012.08.24"]
[SourceVersion "1"]
[SourceVersionDate "2012.08.24"]
[SourceQuality "1"]

1. d4 Nf6 2. c4 g6 3. Nc3 Bg7 4. e4 d6 5. f4 0-0 6. Nf3 c5 7. d5 e6 8. Be2 exd5 9. cxd5 Re8 10. Nd2 a6 11. a4 Nbd7 12. 0-0 Nf8 13. Bf3 Rb8 14. a5 h5 15. h3 N6h7 16. Nc4 f5 17. e5 dxe5 18. fxe5 Ng5 19. e6 Bd4+ 20. Kh1 Nfxe6 21. dxe6 Bxe6 22. Nb6 Nxf3 23. Qxf3 Qf6 24. Bf4 Be5 25. Rad1 Bxf4 26. Qxf4 g5 27. Ncd5 1-0